00666nam a2200229 a 4500001001300000003000900013005001700022008004100039020001000080082001600090100002500106245004000131260003500171300000900206500003500215505003400250650002300284902000800307942000700315952009700322999001700419nice12345678IN_TiNIC20260116013723.0050524s1998 newa grp 000 0 eng  ac16000a181.07bAMI aAmini, Mohammad Taqi aReconstruction of Culture and Islam aNew DelhibKitab Bhavan c1998 a270p aincludes index and biblioraphy2 aAppendix, Bibliography, Index aPhilosophy-Islamic bSRS cBK 00104070aHMIbHMId2007-03-16g160.00l0o181.07 AMIp018085r2007-03-16w2026-01-16yEB c12148d12148